000 00453cam a22001217a 4500
008 180718b1982 xxu||||| |||| 00| 0 eng d
082 _aA81x54 In2/81/2/Pap1/1982
100 _aCensus of India 1981
245 _aAndhra Pradesh: primary census abstract of scheduled castes and scheduled tribes
260 _aHyderabad
_bDirector of Census of Operations
_c1982
300 _a385p.
440 _aCensus of India 1981. Series-2, Andhra Pradesh. Paper 1 of 1982
999 _c481950
_d481950